00285nam a2200121Ia 4500008004100000041000800041082001200049100001900061245001700080260003500097300002400132365000700156240624s9999 xx 000 0 und d aeng a823 GHO aGHOSE SAGARIKA aGIN DRINKERS c2011aNew DelhibHarperCollins a345 : p. : cm. ; 21 cRS